Mujeres migrantes. Trayectoria laboral y perspectiva de desarrollo humano /
Gardado en:
| Autor Principal: | |
|---|---|
| Formato: | Desconocido |
| Idioma: | Spanish |
| Publicado: |
Argentina :
CLACSO
|
| Etiquetas: |
Engadir etiqueta
Sen Etiquetas, Sexa o primeiro en etiquetar este rexistro!
|
MARC
| LEADER | 00000 a2200000 04500 | ||
|---|---|---|---|
| 001 | 42971 | ||
| 003 | |||
| 008 | 050702s2010 ag spa d | ||
| 040 | |||
| 020 | |a 978-987-1543-52-6 | ||
| 090 | |a 1001 C172m | ||
| 100 | |a Camacho Z., Gloria | ||
| 245 | |a Mujeres migrantes. |b Trayectoria laboral y perspectiva de desarrollo humano / |c Gloria Camcho Z. | ||
| 260 | |a Argentina : |b CLACSO | ||
| 300 | |a 272 páginas | ||
| 999 | |c 1915 |d 1915 | ||



